Защита NTP-серверов от DDoS-атак; Технологии Microsoft в теории и практике программирования

Bibliographic Details
Parent link:Технологии Microsoft в теории и практике программирования.— 2014.— [С. 195-197]
Main Author: Ха Туан Кханг
Corporate Author: Национальный исследовательский Томский политехнический университет (ТПУ) Институт кибернетики (ИК) Кафедра информатики и проектирования систем (ИПС)
Other Authors: Ботыгин И. А. Игорь Александрович (научный руководитель)
Summary:Заглавие с титульного листа.
The realization of DDoS-attacks using the protocol NTP. The amplification of traffic NTP-server when you issue monlist. The recommendations for the protection of NTP-server from DDoS-attacks.
Language:Russian
Published: 2014
Series:Информационно-телекоммуникационные технологии
Subjects:
Online Access:http://www.lib.tpu.ru/fulltext/c/2014/C28/076.pdf
Format: Electronic Book Chapter
KOHA link:https://koha.lib.tpu.ru/cgi-bin/koha/opac-detail.pl?biblionumber=609559

MARC

LEADER 00000naa2a2200000 4500
001 609559
005 20231101132549.0
035 |a (RuTPU)RU\TPU\conf\7053 
035 |a RU\TPU\conf\7052 
090 |a 609559 
100 |a 20141120d2014 k y0rusy50 ca 
101 0 |a rus  |d eng 
102 |a RU 
105 |a y z 100zy 
135 |a drcn ---uucaa 
181 0 |a i  
182 0 |a b 
200 1 |a Защита NTP-серверов от DDoS-атак  |f Ха Туан Кханг  |g науч. рук. И. А. Ботыгин 
203 |a Текст  |c электронный 
225 1 |a Информационно-телекоммуникационные технологии 
230 |a 1 компьютерный файл (pdf; 515 Кб) 
300 |a Заглавие с титульного листа. 
320 |a [Библиогр.: с. 197 (2 назв.)] 
330 |a The realization of DDoS-attacks using the protocol NTP. The amplification of traffic NTP-server when you issue monlist. The recommendations for the protection of NTP-server from DDoS-attacks. 
337 |a Adobe Reader 
463 1 |0 (RuTPU)RU\TPU\conf\6841  |t Технологии Microsoft в теории и практике программирования  |o сборник трудов XI Всероссийской научно-практической конференции студентов, аспирантов и молодых ученых, г.Томск, 23-24 апреля 2014 г.  |f Национальный исследовательский Томский политехнический университет (ТПУ), Институт кибернетики ; ред. кол. А. В. Лиепиньш и др.  |v [С. 195-197]  |d 2014 
610 1 |a электронный ресурс 
610 1 |a труды учёных ТПУ 
610 1 |a NTP-серверы 
610 1 |a DDOS-атаки 
700 0 |a Ха Туан Кханг 
702 1 |a Ботыгин  |b И. А.  |c российский специалист в области распределенных автоматизированных систем  |c доцент Томского политехнического университета, кандидат технических наук  |f 1947-  |g Игорь Александрович  |2 stltpush  |4 727 
712 0 2 |a Национальный исследовательский Томский политехнический университет (ТПУ)  |b Институт кибернетики (ИК)  |b Кафедра информатики и проектирования систем (ИПС)  |h 124  |2 stltpush  |3 (RuTPU)RU\TPU\col\18697 
801 2 |a RU  |b 63413507  |c 20141120  |g RCR 
856 4 |u http://www.lib.tpu.ru/fulltext/c/2014/C28/076.pdf 
942 |c BK